000
00290nam a2200121Ia 4500
005
20251222144648.0
008
251222s9999||||xx |||||||||||||| ||spa||
082
_a
370.113/B13/T
100
_a
Martos, Marco
245
0
_a
Literatura Peruana Contemporánea
264
_b
Bruño
942
_c
LIB
999
_c
16969
_d
16969